Geography Quiz

Random Geography or City Quiz

The Czech Republic Cities by Image Quiz Stats

 Plays Quiz not verified by Sporcle

Score 0/31 Timer 07:00
0 Plays Today
% Correct
Prague
97%
Brno
89.4%
Ostrava
77.3%
Plzen
72.7%
Olomouc
63.6%
Liberec
60.6%
Usti nad Labem
48.5%
Ceske Budejovice
47%
Karlovy Vary
45.5%
Hradec Kralove
40.9%
Pardubice
40.9%
Zlin
40.9%
Telc
39.4%
Havirov
33.3%
Most
33.3%
Cesky Krumlov
31.8%
% Correct
Decin
30.3%
Opava
28.8%
Teplice
27.3%
Kladno
24.2%
Jihlava
24.2%
Frydek-Mistek
18.2%
Karvina
18.2%
Mlada Boleslav
13.6%
Jablonec nad Nisou
12.3%
Kutna Hora
12.1%
Chomutov
10.6%
Prerov
7.6%
Kromeriz
6.1%
Litomysl
6.1%
Prostejov
4.6%

You're not logged in!

Compare scores with friends on all Sporcle quizzes.
Join for Free
OR
Log In

You Might Also Like...

Show Comments

Extras

Top Quizzes Today


Score Distribution

Your Account Isn't Verified!

In order to create a playlist on Sporcle, you need to verify the email address you used during registration. Go to your Sporcle Settings to finish the process.

Report this User

Report this user for behavior that violates our Community Guidelines.

Details: